| 000 | 00670nam a2200253Ia 4500 | ||
|---|---|---|---|
| 003 | OSt | ||
| 005 | 20221005082655.0 | ||
| 006 | a|||||r|||| 00| 0 | ||
| 007 | ta | ||
| 008 | 221004b |||||||| |||| 00| 0 urd d | ||
| 020 | _a8120715020 | ||
| 024 | _a74458 | ||
| 037 | _cTextual | ||
| 040 |
_aCRL _cCRL _burd |
||
| 041 |
_2urd _aurd |
||
| 082 | _aO168,1x, 111N4 | ||
| 100 | _aKanda K C | ||
| 245 | 0 | _aMaster pieces of Urdu Rubaiyat | |
| 260 |
_aNew Delhi _bSterling Publishers Private Limited India _c1994 |
||
| 300 |
_a209p _ccm. |
||
| 650 | _aURDU LITERATURE | ||
| 942 |
_hO168,1x, 111N4 _cTEXL _2cc |
||
| 999 |
_c989698 _d989698 |
||